000 00381 a2200169 4500
001 45890
020 _a8526217208
040 _cAnchieta - Aquarius
100 _aAlbergaria, Lino de
240 1 0 _aCoração conta diferente
_lpor
245 1 0 _aCoração conta diferente
300 _a23
362 0 _a1992
440 1 _aScipione
650 4 _aLiteratura infantil
942 _cBK
999 _c45890
_d45890